000 00625nam a2200229 i 4500
001 bg
100 1 _aLEMAY, Laura
245 1 0 _aJava 1.1 /
_cLaura Lemay, Charles L. Perkins ; [tł. z ang. Piotr Rajca].
260 _aGliwice :
_b"Helion",
_ccop. 1998.
300 _a826 s. :
_brys. ;
_c24 cm +
_eCD-ROM.
504 _aIndeks.
630 0 9 _aJava (język programowania)
655 _aPodręczniki
700 1 _aPERKINS, Charles L.
020 _a8386718560
040 _cBPK
041 1 _apl
_hen
080 _a004.438(07)Java
920 _a83-86718-56-0
942 _cKS
008 s pl f |000 0 pol
999 _c33230
_d33230
856 _uhttp://koha.tu.koszalin.pl/cgi-bin/koha/opac-detail.pl?biblionumber=33230
_yKatalog online BPK